| 000 | 01723pam a22004094a 4500 | ||
|---|---|---|---|
| 001 | 14740890 | ||
| 005 | 20220721122822.0 | ||
| 008 | 070221s2006 enka b 001 0 eng | ||
| 010 | _a 2007272083 | ||
| 015 |
_aGBA633556 _2bnb |
||
| 016 | 7 |
_a013431374 _2Uk |
|
| 020 | _a9780521683074 (pbk.) | ||
| 020 | _a0521683076 (pbk.) | ||
| 035 | _a(OCoLC)ocm65203211 | ||
| 035 | _a(OCoLC)65203211 | ||
| 040 |
_aUKM _cUKM _dBAKER _dBWKUK _dYDXCP _dDLC |
||
| 042 |
_aukblsr _alccopycat |
||
| 043 | _ae------ | ||
| 050 | 0 | 0 |
_aKJC5138 _b.D46 2006 |
| 082 | 0 | 4 |
_a341.48094 _bDEM |
| 100 | 1 |
_aDembour, Marie-Bénédicte, _d1961- _994346 |
|
| 245 | 1 | 0 |
_aWho believes in human rights? : _breflections on the European Convention / _cMarie-Bénédicte Dembour. |
| 260 |
_aCambridge ; _aNew York : _bCambridge University Press, _c2006. |
||
| 300 |
_axxvii, 310 p. : _bill. ; _c23 cm. |
||
| 440 | 0 |
_aLaw in context _994094 |
|
| 504 | _aIncludes bibliographical references (p. 285-295) and index. | ||
| 610 | 2 | 0 |
_aEuropean Court of Human Rights. _994347 |
| 630 | 0 | 0 |
_aConvention for the Protection of Human Rights and Fundamental Freedoms _d(1950 November 5) _994348 |
| 650 | 0 |
_aHuman rights _zEurope. _994349 |
|
| 650 | 0 |
_aHuman rights _xPhilosophy. _994350 |
|
| 856 | 4 | 2 |
_3Publisher description _uhttp://www.loc.gov/catdir/enhancements/fy0708/2007272083-d.html |
| 856 | 4 | 1 |
_3Table of contents only _uhttp://www.loc.gov/catdir/enhancements/fy0708/2007272083-t.html |
| 856 | 4 | 2 |
_3Contributor biographical information _uhttp://www.loc.gov/catdir/enhancements/fy0732/2007272083-b.html |
| 906 |
_a7 _bcbc _ccopycat _d2 _encip _f20 _gy-gencatlg |
||
| 942 |
_2ddc _cBK |
||
| 999 |
_c590469 _d590469 |
||